000 00783nam a22002057a 4500
999 _c5977
_d5977
005 20260107090551.0
008 260107b ||||| |||| 00| 0 eng d
020 _a9781529064452
040 _cKH8
082 _a823.92 WEL
100 _aWELSH,CLARE HELEN
_eAUTHOR
245 _aSLIME! It's Not Mine
260 _aThe Smithson,6 Briset Street,London,EC1M 5NR
_bMacMillan Children's Books
_c2022
300 _aPAGES
_bColour illustration
_c26cm x 26cm
520 _aA laugh-out-loud funny story, full of animal facts and... SLIME. Lenny the lemur is on holiday in California. He's having a wonderful time swinging through the redwood trees, when - ew - he gets slimed!
650 _aJuvenile Fiction
655 _aOld English Literature
655 _aAnimals
942 _2ddc
_cFIC